Länder, die USA am nächsten liegen - Sudden Death - Statistiken

Allgemein
  • Dieses Quiz wurde 369 mal gespielt
  • Das Durchschnittsergebnis liegt bei 6 aus 15
Answers on the Grid
Answers color-coded by a green-red scale on the quiz's grid according to % correct below.
Kanada
Mexiko
Russland
Bahamas
Kuba
Jamaika
Belize
Haiti
Honduras
Guatemala
Dominikanische Republik
Nicaragua
El Salvador
Costa Rica
Kiribati
Kolumbien
Brasilien
Chile
Grenada
Antigua und Barbuda
Barbados
Island
Irland
Vereinigtes Königreich
Japan
China
Australien
Panama
Palau
Fidschi
 
Antwortstatistiken
Antwort % Korrekt
Mexiko
70%
Kanada
63%
Russland
51%
Kuba
47%
Haiti
45%
Dominikanische Republik
40%
El Salvador
39%
Jamaika
39%
Bahamas
38%
Guatemala
37%
Belize
31%
Honduras
31%
Nicaragua
31%
Costa Rica
24%
Kiribati
1%
Keine übereinstimmenden Quizze gefunden
Verteilung der Resultate
Anzahl Personen mit jedem Resultat
Perzentil nach korrekt beantworteten Fragen
Ihre Resultats-Entwicklung
Sie haben dieses Quiz noch nicht gespielt